| 000 | 00545nam a2200193Ia 4500 | ||
|---|---|---|---|
| 003 | GCL | ||
| 008 | 140319s9999 xx 000 0 ara d | ||
| 040 |
_aGCL / _cGCL |
||
| 082 | 0 | 4 |
_aط _b813.2 _bى ط |
| 100 | 1 | _aيعقوب الشارونى | |
| 245 | 1 | 0 |
_aالساعة / _cيعقوب الشارونى |
| 260 |
_a[S.N] : _bالدار المصرية اللبنانية |
||
| 300 | _a15 ص | ||
| 490 |
_aطفولة كل شىء _v0 |
||
| 650 | 0 | 4 | _aالاطفال |
| 650 | 0 | 4 | _aالقصص |
| 650 | 0 | 4 | _aقصص الاطفال |
| 942 |
_2ddc _cBK |
||
| 999 |
_c56659 _d56659 |
||